000 01339nam0a22003131 4500
001 rc\2133070
005 20110826153410.3
035 _a(NLR Aleph) 006523569
090 _a6456760
_c6456760
100 _a20110826d1979 |||y0rusy50 ca
101 0 _arus
102 _aRU
105 _aab z |||||
200 1 _aДинамика популяций и поведение позвоночных животных Латвийской ССР
_eМежвед. сб. науч. тр.
_fЛатв. гос. ун-т им. Петра Стучки, Биол. фак., Каф. зоологии и генетики, Зоол. музей
_g[Редкол.: Я.Я. Лусис (отв. ред.) и др.]
210 _aРига
_cЛГУ
_d1979
215 _a104 с.
_cил., карт.
_d20
300 _aРез работ: рус., латыш., англ.
320 _aБиблиогр. в конце работ
606 _aПозвоночные
_xДинамика популяций
_yЛатвССР
_2psbo
606 _aПозвоночные
_xПоведение
_yЛатвССР
_2psbo
686 _aЕ681я43
_2rubbk
702 1 _aЛусис
_bЯ. Я.
_4340
801 0 _aRU
_bNLR
_gpsbo
801 1 _aRU
_bELAR
_2rusmarc
852 _aNLR
_j79-3/6299
899 _aRuMoRGB
_jЛат 8-ж/85
899 _aRuMoRGB
_jЛат 8-ж/69
942 _cBOOK
980 _aNB